| 000 | 00673nam a2200241Ia 4500 | ||
|---|---|---|---|
| 008 | 200601s9999 xx 000 0 und d | ||
| 020 | _a981-261-126-6 | ||
| 050 | _aREF DG 441 | ||
| 050 | _b.F56 2005 | ||
| 100 | _aFlower, Raymond. | ||
| 245 | 0 | _aCultureshock! : | |
| 245 | 0 | _bItaly / | |
| 245 | 0 | _cRaymond Flower, Alessandra Falassi. | |
| 260 | _aSingapore : | ||
| 260 | _bMarshall Cavendish Editions, | ||
| 260 | _c2005 | ||
| 300 | _a290 pages : | ||
| 300 | _billustrations (some color) ; | ||
| 300 | _c22 cm. | ||
| 500 | _aIncludes bibliographical references and index. | ||
| 650 | _aEtiquette -- Italy. | ||
| 650 | _xItaly -- Social life and customs. | ||
| 999 |
_c363286 _d363286 |
||